[Event "East Lansing (Class A/3/11)"]
[Site "?"]
[Date "1995.??.??"]
[Round "?"]
[White "Rosenberg, Steve"]
[Black "Cerminaro, J."]
[Result "1/2-1/2"]
[WhiteElo "1815"]
[BlackElo "1875"]
[PlyCount "131"]
[EventDate "1995.??.??"]

{3/(11)} 1. e4 c5 2. g3 g6 3. Bg2 Bg7 4. Nc3 Nc6 5. d3 e6 6. Nge2 Nge7 7. O-O
O-O 8. f4 d6 9. Qe1 Nd4 10. Nxd4 cxd4 11. Ne2 Qc7 12. Qd2 Bd7 13. c4 dxc3 14.
Nxc3 Rac8 15. Ne2 Qc2 16. Rd1 Rc7 17. d4 Rfc8 18. Nc3 Qxd2 19. Rxd2 b5 20. a3
a5 21. Bf1 b4 22. axb4 axb4 23. Ne2 Bb5 24. Rd1 Rc2 25. Kf2 Nc6 26. e5 d5 27.
Ke3 Bf8 28. h4 h5 29. Rb1 Ne7 30. Kf3 Nf5 31. Be3 Be7 32. Nc1 Bxf1 33. Rxf1 Bd8
34. Nd3 R2c4 35. Rfc1 Bb6 36. Nc5 Bxc5 37. dxc5 Nxe3 38. Kxe3 R8xc5 39. Rg1 Rc2
40. Kf3 Kf8 41. g4 hxg4+ 42. Kg3 R5c4 43. Kxg4 Ke8 44. Kg5 d4 45. b3 R4c3 46.
Kf6 d3 47. h5 gxh5 48. Rg8+ Kd7 49. Kxf7 Rc1 50. Rb2 R3c2 51. Rxc2 Rxc2 52. Rg3
Rc3 53. f5 exf5 54. e6+ Kc7 55. e7 d2 56. e8=Q d1=Q 57. Qe5+ Qd6 58. Rxc3+ bxc3
59. Qxc3+ Kd7 60. Qf3 Qe6+ 61. Kg7 h4 62. Qb7+ Kd6 63. Qb8+ Kd5 64. Qb5+ Kd6
65. Qb8+ Kd5 66. Qb5+ 1/2-1/2

[Event "Detroit (CMS Jun/1/1/1)"]
[Site "?"]
[Date "1995.??.??"]
[Round "?"]
[White "Rosenberg, Steve"]
[Black "Calton, Bill"]
[Result "1/2-1/2"]
[WhiteElo "1725"]
[BlackElo "2230"]
[PlyCount "138"]
[EventDate "1995.??.??"]

{1/1} 1. e4 c5 2. Nf3 d6 3. Bc4 Nf6 4. d3 a6 5. Bg5 e6 6. a4 Be7 7. Nc3 Nbd7 8.
O-O O-O 9. d4 cxd4 10. Nxd4 Qc7 11. Qe2 Ne5 12. Ba2 h6 13. Bf4 Bd7 14. Bxe5
dxe5 15. Nf3 Rac8 16. Rfc1 Bb4 17. Nd1 Bxa4 18. Bxe6 Bb5 19. c4 fxe6 20. cxb5
Qxc1 21. Rxc1 Rxc1 22. Nxe5 Rfc8 23. Nd3 R8c2 24. Nxc1 Rxe2 25. Nxe2 Nxe4 26.
bxa6 bxa6 27. Nf4 Kf7 28. g3 Ke7 29. Kf1 Kd6 30. Ke2 Bc5 31. Nd3 Bd4 32. Ne3
Kc6 33. f4 Kb5 34. g4 Ka4 35. b4 Bc3 36. Nc2 Nd6 37. Nc5+ Kb5 38. Nxe6 Bb2 39.
Kd3 Bf6 40. Nc7+ Ka4 41. Nxa6 Kb5 42. Nc7+ Kc6 43. Ne6 g6 44. g5 hxg5 45. Nxg5
Bb2 46. Nf3 Kd5 47. Nh4 Ke6 48. Nxg6 Kf5 49. Ne7+ Kxf4 50. Ke2 Kg4 51. Ne1 Ne4
52. Nd5 Nd6 53. Ne3+ Kh5 54. Kf3 Be5 55. Kg2 Nb5 56. Nd3 Bd4 57. Nf5 Bc3 58. h3
Bd2 59. Kf3 Nc3 60. Nd4 Kh4 61. Nf2 Be1 62. Nd3 Bd2 63. Kg2 Kh5 64. Kg3 Nd5 65.
Nc2 Bc3 66. b5 Nb6 67. Nf4+ Kg5 68. h4+ Kh6 69. Kg4 Be5 1/2-1/2

[Event "East Lansing (MOR/4/1) [C01["]
[Site "?"]
[Date "1995.??.??"]
[Round "?"]
[White "Rosenberg, Steve"]
[Black "Brooks, Brion"]
[Result "1/2-1/2"]
[WhiteElo "1705"]
[BlackElo "1730"]
[PlyCount "71"]
[EventDate "1995.??.??"]

{4/(1)} 1. e4 e6 2. d4 d5 3. exd5 exd5 4. Bd3 Nc6 5. c3 Bd6 6. Ne2 Nf6 7. Bg5
O-O 8. Qc2 h6 9. Bh4 Re8 10. Nd2 g5 11. Bg3 Bxg3 12. hxg3 Ng4 13. Nf1 Qf6 14.
f3 Ne3 15. Nxe3 Rxe3 16. O-O-O Rxd3 17. Qxd3 Bf5 18. Qd2 Bh7 19. g4 Qg6 20. Qd3
Qxd3 21. Rxd3 Bxd3 22. Ng3 Re8 23. Rxh6 Kg7 24. Rh1 Nd8 25. Nh5+ Kg6 26. f4 f6
27. f5+ Kf7 28. Kd2 Be4 29. Ng3 Bxg2 30. Rh7+ Kf8 31. Nh5 Nf7 32. Nxf6 Re7 33.
Rh2 Be4 34. Nh7+ Ke8 35. Nf6+ Kf8 36. Nh7+ 1/2-1/2

[Event "East Lansing (Class A/1/10)"]
[Site "?"]
[Date "1995.??.??"]
[Round "?"]
[White "Rosenberg, Steve"]
[Black "Aldrich, Jeff"]
[Result "0-1"]
[WhiteElo "1815"]
[BlackElo "1915"]
[PlyCount "70"]
[EventDate "1995.??.??"]

{1/(10)} 1. e4 c6 2. d4 d5 3. e5 Bf5 4. Nf3 e6 5. Bg5 Qb6 6. Qc1 c5 7. c3 Nc6
8. Be3 Be7 9. Be2 h5 10. Bd1 Nh6 11. O-O h4 12. h3 Bd3 13. Re1 Nf5 14. Bc2 Bxc2
15. Qxc2 Rc8 16. Na3 O-O 17. Qd2 cxd4 18. Bxd4 Ncxd4 19. Nxd4 Nxd4 20. Qxd4
Qxb2 21. Rab1 Qxa3 22. Rxb7 Bc5 23. Qxh4 Qxc3 24. Rf1 Qxe5 25. Rb3 Bd6 26. Rg3
Rc3 27. a4 Rxg3 28. fxg3 Qxg3 29. Qh5 Qh2+ 30. Kf2 Rb8 31. Ke3 Qg3+ 32. Rf3
Qe1+ 33. Kd3 Rb3+ 34. Kc2 Qb1+ 35. Kd2 Qa2+ 0-1

[Event "Troy (US Am N/4/29)"]
[Site "?"]
[Date "1995.??.??"]
[Round "?"]
[White "Rosebrook, G."]
[Black "Vega, D."]
[Result "0-1"]
[WhiteElo "1605"]
[BlackElo "1730"]
[PlyCount "114"]
[EventDate "1995.??.??"]

{4/(29)} 1. e4 c5 2. Nf3 Nc6 3. c3 d6 4. h3 g6 5. Bc4 e6 6. d3 Bg7 7. Be3 Nge7
8. Qd2 a6 9. a3 b5 10. Bb3 Bb7 11. O-O Qc7 12. Ng5 Na5 13. Bxe6 O-O 14. Ba2
Rad8 15. Nf3 Rfe8 16. Bh6 d5 17. Bf4 Qc8 18. e5 Nac6 19. d4 c4 20. Re1 f6 21.
e6 Nf5 22. Qe2 Re7 23. g4 Nd6 24. Nbd2 Ne4 25. Bb1 Rxe6 26. Bxe4 dxe4 27. Nxe4
f5 28. Nfg5 Re7 29. gxf5 Qxf5 30. Qg4 Rde8 31. Qf3 h6 32. Nd6 Rxe1+ 33. Rxe1
Rxe1+ 34. Kg2 Rg1+ 35. Kxg1 Qb1+ 36. Kg2 hxg5 37. Bxg5 Nd8 38. Nxb7 Nxb7 39.
Qxb7 Qxb2 40. Qxa6 Kh7 41. Qa7 Qc2 42. Qb7 Qf5 43. Be3 g5 44. Kg3 Kg6 45. Qc6+
Kh7 46. Qb7 Kg6 47. h4 gxh4+ 48. Kg2 Qg4+ 49. Kh2 Kh7 50. Qxb5 Qe4 51. Qxc4
Be5+ 52. Kg1 Qg4+ 53. Kf1 h3 54. Qf7+ Bg7 55. Ke1 h2 56. Kd2 h1=Q 57. Qb3 Qf1
0-1

[Event "Troy (TCC Res/5/13)"]
[Site "?"]
[Date "1995.??.??"]
[Round "?"]
[White "Rosebrook, G."]
[Black "Vangilder, W."]
[Result "1/2-1/2"]
[WhiteElo "1605"]
[BlackElo "1605"]
[PlyCount "114"]
[EventDate "1995.??.??"]

{5/(13)} 1. e4 Nc6 2. Nf3 d6 3. Bc4 Bg4 4. Bxf7+ Kd7 5. Nc3 e6 6. h3 Qe7 7.
hxg4 Qxf7 8. d4 Re8 9. Be3 Kc8 10. Qd2 Nf6 11. Ng5 Qg6 12. f3 d5 13. e5 Nd7 14.
a3 Be7 15. Nh3 Bh4+ 16. Ke2 Bg3 17. b4 Nb6 18. Nd1 Nc4 19. Qc3 h5 20. g5 h4 21.
f4 Qe4 22. Rg1 Bh2 23. Ndf2 Nxd4+ 24. Qxd4 Qxc2+ 25. Bd2 Qxd2+ 26. Qxd2 Nxd2
27. Rgd1 Nc4 28. Nd3 g6 29. b5 b6 30. a4 Rhf8 31. Rab1 Na5 32. Ndf2 Bxf4 33.
Ng4 Nc4 34. Nxf4 Rxf4 35. Nf2 Ref8 36. Rf1 Nxe5 37. Nd3 Re4+ 38. Kd2 Nc4+ 39.
Kc3 Rxf1 40. Rxf1 Rg4 41. Rf8+ Kd7 42. Rh8 Rxg2 43. Rxh4 Rxg5 44. Kd4 Nd2 45.
Kc3 Nc4 46. Kd4 Kd6 47. Nb4 Ne5 48. Rh8 Rg4+ 49. Kc3 Kc5 50. Na6+ Kd6 51. Kb3
Rg3+ 52. Ka2 g5 53. Rh7 Rc3 54. Kb2 Rc4 55. Rg7 g4 56. Nb8 d4 57. Rg8 Kd5
1/2-1/2

[Event "Troy (US Am N/1/16)"]
[Site "?"]
[Date "1995.??.??"]
[Round "?"]
[White "Rosebrook, G."]
[Black "Vandivier, Don"]
[Result "0-1"]
[WhiteElo "1605"]
[BlackElo "1950"]
[PlyCount "68"]
[EventDate "1995.??.??"]

{1/(16)} 1. e4 c5 2. Nf3 d6 3. c3 Nf6 4. Qc2 Nc6 5. Bc4 Bg4 6. Ng5 e6 7. d3 h6
8. Nf3 Bxf3 9. gxf3 a6 10. Be3 Ne5 11. Nd2 b5 12. Bb3 a5 13. a3 Nfd7 14. h3 Qh4
15. O-O-O Qd8 16. f4 Nc6 17. Nf3 Be7 18. Qe2 b4 19. Ba4 Qc7 20. Bxc6 Qxc6 21.
d4 bxc3 22. Rd3 cxb2+ 23. Qxb2 cxd4+ 24. Kd2 dxe3+ 25. Kxe3 Nc5 26. Rd4 O-O 27.
Rg1 Bf6 28. e5 dxe5 29. fxe5 Rab8 30. Qc2 Rb3+ 31. Qxb3 Nxb3 32. exf6 Nxd4 33.
Nxd4 Qc3+ 34. Ke4 Rd8 0-1

[Event "East Lansing (MOR/2/13)"]
[Site "?"]
[Date "1995.??.??"]
[Round "?"]
[White "Rosebrook, G."]
[Black "Turkalo, A."]
[Result "0-1"]
[WhiteElo "1605"]
[BlackElo "1700"]
[PlyCount "74"]
[EventDate "1995.??.??"]

{2/(13)} 1. e4 c5 2. Nf3 d6 3. Nc3 a6 4. Nd5 e6 5. Ne3 Nf6 6. c3 Nc6 7. d4 cxd4
8. cxd4 Nxe4 9. d5 exd5 10. Qxd5 Nf6 11. Qb3 b5 12. Bd2 Be6 13. Qc2 Rc8 14. Qd1
Be7 15. a4 Qb6 16. axb5 axb5 17. Be2 O-O 18. O-O Ne4 19. Bc3 Rfd8 20. Re1 d5
21. Nd4 Nxc3 22. bxc3 Nxd4 23. cxd4 Bb4 24. Rf1 Bc3 25. Rb1 b4 26. Nc2 Bf5 27.
Bd3 Bxd3 28. Qxd3 Rc4 29. Rfd1 Re8 30. Qf5 b3 31. Ne3 Rxd4 32. Rxd4 Qxd4 33.
Nxd5 g6 34. Qf3 Re1+ 35. Rxe1 Bxe1 36. Nf6+ Kg7 37. Ne4 b2 0-1

[Event "Flint (MI Senior/4/5)"]
[Site "?"]
[Date "1995.??.??"]
[Round "?"]
[White "Rosebrook, G."]
[Black "Swartz, J."]
[Result "1-0"]
[WhiteElo "1605"]
[BlackElo "1605"]
[PlyCount "67"]
[EventDate "1995.??.??"]

{4/(5)} 1. e4 c5 2. Nf3 d6 3. Nc3 a6 4. Nd5 e6 5. Ne3 Nf6 6. c3 Nxe4 7. Qa4+
Nc6 8. Qxe4 d5 9. Qc2 e5 10. d3 Be7 11. Be2 O-O 12. Bd2 f5 13. Qb3 Kh8 14. c4
e4 15. Ng1 Nd4 16. Qd1 dxc4 17. dxc4 f4 18. Nd5 Bh4 19. Bxf4 Qa5+ 20. Kf1 Be6
21. Be3 Nf5 22. Bd2 Bxd5 23. g3 Bxg3 24. hxg3 Nxg3+ 25. Ke1 Qc7 26. Rh3 Nxe2
27. Qxe2 Be6 28. Rh1 Qc6 29. Be3 Rf7 30. Qh5 Bf5 31. Ne2 Qe6 32. b3 h6 33. Rd1
Qb6 34. Nf4 $138 1-0

[Event "Flint (MI Senior/1/3)"]
[Site "?"]
[Date "1995.??.??"]
[Round "?"]
[White "Rosebrook, G."]
[Black "Sattler, Peter"]
[Result "0-1"]
[WhiteElo "1605"]
[BlackElo "1780"]
[PlyCount "110"]
[EventDate "1995.??.??"]

{1/(3)} 1. e4 c5 2. Nf3 d6 3. d4 cxd4 4. Nxd4 Nf6 5. Nc3 a6 6. Bd3 Nbd7 7. Be3
Nc5 8. Qd2 Nxd3+ 9. cxd3 e5 10. Nb3 Bd7 11. O-O Be7 12. h3 O-O 13. Rac1 Bc6 14.
Rc2 d5 15. exd5 Nxd5 16. Bc5 Nf4 17. Bxe7 Qxe7 18. Re1 Qg5 19. g3 Nxh3+ 20. Kf1
Qxd2 21. Rxd2 f6 22. Nc5 Ng5 23. Rc1 Rfd8 24. Rdd1 Rd6 25. N5e4 Nxe4 26. dxe4
Rad8 27. Rxd6 Rxd6 28. Nd5 Kf7 29. f3 f5 30. Kf2 Rd7 31. Rc5 fxe4 32. fxe4 Ke6
33. Nb6 Rd2+ 34. Ke3 Rxb2 35. Rxe5+ Kxe5 36. Nc4+ Ke6 37. Nxb2 Bb5 38. Nd1 Ke5
39. Nc3 Bc6 40. Kd3 h5 41. Ke3 g5 42. a3 h4 43. g4 h3 44. Kf3 Kd4 45. Ne2+ Kd3
46. Ng3 h2 47. Kg2 Bxe4+ 48. Kxh2 Bf3 49. Kh3 b5 50. Nf5 Kc3 51. Kg3 Be2 52.
Nd6 Kb3 53. Ne4 Kxa3 54. Nxg5 Bxg4 55. Kxg4 b4 0-1

[Event "East Lansing (MOR/6/31)"]
[Site "?"]
[Date "1995.??.??"]
[Round "?"]
[White "Rosebrook, G."]
[Black "Roberts, Andy"]
[Result "0-1"]
[WhiteElo "1605"]
[BlackElo "1605"]
[PlyCount "90"]
[EventDate "1995.??.??"]

{6/(31)} 1. e4 e5 2. Nf3 d6 3. Nc3 Bg4 4. Bc4 Be7 5. d3 h6 6. Nd5 Nf6 7. c3
Nbd7 8. Ne3 Nc5 9. Nxg4 Nxg4 10. h3 Nf6 11. Nh4 g6 12. Be3 d5 13. exd5 Nxd5 14.
Qf3 c6 15. Bxc5 Bxc5 16. Qg3 O-O 17. O-O Bd6 18. Nf5 Kh7 19. Nxd6 Qxd6 20. Rfe1
Rfe8 21. Rad1 Qf6 22. Re4 Re7 23. Rd2 Rd8 24. Bb3 Nf4 25. Bd1 h5 26. a3 Qf5 27.
b4 Rxd3 28. Rxd3 Qxe4 29. Re3 Qd5 30. Bf3 Qc4 31. Qg5 Qe6 32. Kh2 Qd6 33. g3
Nd5 34. Bxd5 cxd5 35. Rd3 d4 36. h4 Kg7 37. a4 Rc7 38. Qd2 Rc4 39. Kg1 b6 40.
Kh2 a5 41. f4 exf4 42. Rf3 fxg3+ 43. Kg2 axb4 44. Qa2 Qe6 45. Rxg3 Rxc3 0-1

[Event "Eastpointe (MCO/4/36)"]
[Site "?"]
[Date "1995.??.??"]
[Round "?"]
[White "Rosebrook, G."]
[Black "Pecot, Dave"]
[Result "0-1"]
[WhiteElo "1605"]
[BlackElo "1605"]
[PlyCount "50"]
[EventDate "1995.??.??"]

{4/(36)} 1. e4 e5 2. Nf3 f5 3. Nxe5 Qf6 4. Qh5+ g6 5. Nxg6 Qxg6 6. Qxf5 Qxf5 7.
exf5 h5 8. d4 d6 9. Bd3 Ne7 10. Nc3 Bxf5 11. Bxf5 Nxf5 12. O-O Nxd4 13. Bg5
Nbc6 14. Nd5 Kd7 15. c3 Ne6 16. Bh4 Bg7 17. Rfe1 Rae8 18. g3 Ne5 19. Kg2 Rhf8
20. Rad1 Ng6 21. Ne3 Nxh4+ 22. gxh4 Nf4+ 23. Kf1 Nh3 24. Re2 Bh6 25. Rd3 Nf4
0-1

[Event "Gaylord (NMO/2/19)"]
[Site "?"]
[Date "1995.??.??"]
[Round "?"]
[White "Rosebrook, G."]
[Black "Paul, Dennis"]
[Result "1-0"]
[WhiteElo "1605"]
[BlackElo "1605"]
[PlyCount "113"]
[EventDate "1995.??.??"]

{2/(19)} 1. e4 d6 2. Nf3 Nf6 3. c3 Nxe4 4. Qa4+ Nc6 5. Qxe4 f5 6. Qc2 e5 7. d3
Be6 8. Be2 d5 9. Bg5 Be7 10. Bxe7 Qxe7 11. Nbd2 O-O-O 12. a3 d4 13. c4 g5 14.
g3 g4 15. Nh4 f4 16. f3 fxg3 17. hxg3 Qf6 18. Ne4 Qg7 19. O-O-O h5 20. Nc5 Qg5+
21. Qd2 Qxd2+ 22. Kxd2 Bf7 23. fxg4 hxg4 24. Bxg4+ Kb8 25. Rdf1 Bh5 26. Bf5 Be8
27. Be4 a6 28. b3 Ka7 29. Ne6 Rd7 30. b4 Re7 31. Nc5 b6 32. Nb3 Rg7 33. Rhg1
Ne7 34. Nf3 Bc6 35. Nxe5 Rh2+ 36. Kc1 Ba4 37. Nxd4 Rh6 38. Rf2 c5 39. Ne2 cxb4
40. axb4 Rh5 41. Nf3 Nf5 42. Nf4 Rh8 43. Bxf5 Rc7 44. Ra2 Bb3 45. Nd5 Rf7 46.
Ra3 Rxf5 47. Nd4 Rf2 48. Rxb3 Rhh2 49. g4 Rhg2 50. Rxg2 Rxg2 51. Ne3 Rg3 52.
Kd2 Kb7 53. Rb1 Kc7 54. Rh1 Kd6 55. Nef5+ Ke5 56. Nxg3 Kxd4 57. Re1 1-0

[Event "Gaylord (NMO/3/13)"]
[Site "?"]
[Date "1995.??.??"]
[Round "?"]
[White "Rosebrook, G."]
[Black "Mitchell, J."]
[Result "0-1"]
[WhiteElo "1605"]
[BlackElo "1620"]
[PlyCount "52"]
[EventDate "1995.??.??"]

{3/(13)} 1. e4 c6 2. Nf3 d5 3. Nc3 dxe4 4. Nxe4 Bg4 5. Be2 e6 6. c3 Nd7 7. d4
Ngf6 8. Bg5 Be7 9. Bxf6 Nxf6 10. Qd3 O-O 11. h3 Bh5 12. Ne5 Bxe2 13. Qxe2 Qa5
14. f3 Nxe4 15. fxe4 Bh4+ 16. Kd1 Qd8 17. Qg4 c5 18. Nf3 Be7 19. Kc2 cxd4 20.
Nxd4 Bf6 21. Rad1 Qa5 22. Rhf1 Bxd4 23. Rxd4 Rad8 24. e5 Qxe5 25. Qh4 Rxd4 26.
cxd4 Qe2+ 0-1

[Event "Eastpointe (MCO/2/24)"]
[Site "?"]
[Date "1995.??.??"]
[Round "?"]
[White "Rosebrook, G."]
[Black "Marinelli, Philip"]
[Result "0-1"]
[WhiteElo "1605"]
[BlackElo "1685"]
[PlyCount "102"]
[EventDate "1995.??.??"]

{2/(24)} 1. e4 g6 2. Nf3 Bg7 3. Nc3 d6 4. h3 c6 5. d4 Nd7 6. Be3 e5 7. Ne2 Ngf6
8. Qd3 O-O 9. Ng3 b5 10. d5 cxd5 11. exd5 a6 12. Ne4 Nxe4 13. Qxe4 Nf6 14. Qh4
Nh5 15. Qxd8 Rxd8 16. Bg5 Re8 17. O-O-O f5 18. Bd2 Nf6 19. Bb4 Bf8 20. Bc3 Bb7
21. Rg1 Bxd5 22. Be2 Rec8 23. Kb1 Bb7 24. g4 f4 25. h4 a5 26. h5 b4 27. hxg6
bxc3 28. gxh7+ Kh8 29. g5 Ne4 30. g6 Bg7 31. Bd3 d5 32. Bxe4 dxe4 33. Ng5 Bf6
34. Nf7+ Kg7 35. Rd7 Bc6 36. Rd6 e3 37. fxe3 Ba4 38. h8=Q+ Rxh8 39. Nxh8 Rxh8
40. Ra6 f3 41. Ra7+ Kf8 42. Rf7+ Kg8 43. Rxf6 Rh2 44. Rxf3 Bxc2+ 45. Kc1 cxb2+
46. Kxb2 Be4+ 47. Ka3 Bxf3 48. Rf1 Bd5 49. Ra1 Rh3 50. Ka4 Rxe3 51. Kxa5 Ra3+
0-1

[Event "East Lansing (MOR/4/33)"]
[Site "?"]
[Date "1995.??.??"]
[Round "?"]
[White "Rosebrook, G."]
[Black "Jewett, Brandon"]
[Result "0-1"]
[WhiteElo "1605"]
[BlackElo "1605"]
[PlyCount "64"]
[EventDate "1995.??.??"]

{4/(33)} 1. e4 c5 2. Nf3 d6 3. Nc3 a6 4. Nd5 Bg4 5. Be2 Bxf3 6. Bxf3 Nd7 7. O-O
Ngf6 8. Nf4 g6 9. c3 Bg7 10. e5 Nxe5 11. Bxb7 Ra7 12. Qa4+ Qd7 13. Qxd7+ Kxd7
14. Bd5 Bh6 15. d4 cxd4 16. cxd4 Bxf4 17. dxe5 Nxd5 18. exd6 exd6 19. Rd1 Rc8
20. a3 Bxc1 21. Raxc1 Rac7 22. Rb1 Nb6 23. Rd4 Rc2 24. Rb4 Kc7 25. a4 Nd7 26.
g3 Rb8 27. Rf4 f5 28. h3 Rc3 29. b4 d5 30. Rd4 Nf6 31. Re1 Kd6 32. Kg2 Rc4 0-1

[Event "Gaylord (NMO/5/18)"]
[Site "?"]
[Date "1995.??.??"]
[Round "?"]
[White "Rosebrook, G."]
[Black "Jacobs, Ron"]
[Result "1-0"]
[WhiteElo "1605"]
[BlackElo "2720"]
[PlyCount "141"]
[EventDate "1995.??.??"]

{5/(18)} 1. e4 c5 2. Nf3 d6 3. Nc3 g6 4. Nd5 Nc6 5. c3 Bg7 6. Be2 Nf6 7. Nxf6+
Bxf6 8. d3 O-O 9. h4 Bg7 10. h5 Nb8 11. hxg6 fxg6 12. Bh6 Nd7 13. Ng5 e6 14.
Nxe6 Qe7 15. Nxf8 Qxf8 16. Bxg7 Qxg7 17. Qb3+ Kf8 18. O-O-O Nf6 19. Rh4 b6 20.
Rdh1 Ke7 21. f4 Be6 22. c4 Rh8 23. a4 Kf8 24. a5 Qb7 25. Qc3 Qg7 26. e5 Ne8 27.
Qb3 Qb7 28. Bf3 Qc7 29. Qc3 Qg7 30. d4 dxe5 31. dxe5 Ke7 32. Qd3 Bf5 33. Qd5
Nc7 34. Qd6+ Ke8 35. axb6 axb6 36. Qxb6 Qd7 37. Bc6 Na8 38. Bxd7+ Kxd7 39. Rd1+
Kc8 40. Rd6 Nxb6 41. Rxb6 h5 42. Rc6+ Kb7 43. Rxc5 Rc8 44. b4 Rxc5 45. bxc5 Kc6
46. Kb2 Kxc5 47. Kc3 Be4 48. e6 Bc6 49. f5 gxf5 50. Rxh5 Bxg2 51. e7 Bc6 52.
Rxf5+ Kd6 53. Rf7 Be8 54. Rg7 Kc5 55. Kd3 Kc6 56. Kd4 Kd6 57. c5+ Kc6 58. Rg5
Kc7 59. Rd5 Kc6 60. Rd8 Bd7 61. e8=Q Bxe8 62. Rxe8 Kd7 63. Re5 Kc6 64. Re6+ Kd7
65. Kd5 Kc7 66. c6 Kc8 67. Kd6 Kb8 68. Kd7 Ka7 69. c7 Kb7 70. c8=Q+ Ka7 71.
Ra6# 1-0

[Event "East Lansing (Class C/1/16)"]
[Site "?"]
[Date "1995.??.??"]
[Round "?"]
[White "Rosebrook, G."]
[Black "Iyer, Krishnan"]
[Result "0-1"]
[WhiteElo "1605"]
[BlackElo "1605"]
[PlyCount "108"]
[EventDate "1995.??.??"]

{1/(16)} 1. e4 c5 2. Nf3 Nc6 3. Bc4 e6 4. O-O g6 5. d3 Bg7 6. Be3 d5 7. Bg5 f6
8. exd5 fxg5 9. c3 exd5 10. Bb5 g4 11. Re1+ Kf7 12. Nfd2 Nf6 13. Nf1 Re8 14.
Nbd2 Rxe1 15. Qxe1 Qe7 16. Ne3 Bd7 17. Qf1 a6 18. Ba4 b5 19. Bc2 Re8 20. g3 Kf8
21. Re1 Qd6 22. a3 a5 23. Rd1 d4 24. cxd4 Nxd4 25. Bb1 Bc6 26. a4 Bh6 27. axb5
Bxb5 28. Nec4 Ne2+ 29. Qxe2 Rxe2 30. Nxd6 Bxd3 31. Bxd3 Rxd2 32. Rxd2 Bxd2 33.
Bc4 Ke7 34. Nb5 Ne4 35. Bg8 h6 36. Kf1 a4 37. Ke2 Bc1 38. Kd3 Nf6 39. Kc2 Bxb2
40. Kxb2 Nxg8 41. Nc3 Nf6 42. Ka3 Ke6 43. Kxa4 Ke5 44. Kb5 Ne4 45. Ne2 g5 46.
Kc4 Kd6 47. Kd3 Nxf2+ 48. Ke3 Nd1+ 49. Kd2 Nb2 50. Nc3 Nc4+ 51. Kd3 Ne5+ 52.
Ke4 Ke6 53. Nd5 Nf3 54. Ne3 Nxh2 0-1

[Event "Eastpointe (MCO/5/35)"]
[Site "?"]
[Date "1995.??.??"]
[Round "?"]
[White "Rosebrook, G."]
[Black "Floyd, J."]
[Result "1-0"]
[WhiteElo "1605"]
[BlackElo "1605"]
[PlyCount "127"]
[EventDate "1995.??.??"]

{5/(35)} 1. e4 e5 2. Nf3 Nc6 3. Nc3 Nf6 4. d4 exd4 5. Nxd4 Nxd4 6. Qxd4 Be7 7.
Be2 d6 8. f3 O-O 9. Qf2 Bd7 10. Bd2 c5 11. O-O-O Re8 12. h4 h5 13. Bf4 Qb6 14.
Qg3 Rad8 15. Bc4 g6 16. Qxg6+ Kh8 17. Bh6 Rg8 18. Qxf7 Rde8 19. e5 dxe5 20.
Rxd7 Nxd7 21. Qxh5 Qg6 22. Qxg6 Rxg6 23. Bf7 Rxh6 24. Bxe8 Bxh4 25. Rxh4 Rxh4
26. Bxd7 Kg7 27. Bh3 Kf6 28. Ne4+ Kg6 29. Nxc5 b6 30. Ne4 Rh8 31. c3 Kh5 32.
Kc2 Kg6 33. Kb3 Kf7 34. Kc4 Ke7 35. b4 Kd8 36. a4 Kc7 37. Kd5 Re8 38. Kc4 a6
39. Kb3 Rd8 40. a5 b5 41. Nc5 Rd6 42. Bf5 Rf6 43. Be4 Rh6 44. g4 Kb8 45. Nd7+
Ka7 46. Nxe5 Kb8 47. Nd3 Ka7 48. Nc5 Rd6 49. Bb7 Rf6 50. Nxa6 Rxf3 51. Bxf3
Kxa6 52. c4 bxc4+ 53. Kxc4 Ka7 54. g5 Kb8 55. g6 Kc7 56. g7 Kd6 57. g8=Q Ke5
58. Qg5+ Kd6 59. Qf6+ Kc7 60. Qe7+ Kc8 61. Bg4+ Kb8 62. Qd6+ Kb7 63. Bf3+ Kc8
64. Qe7 1-0

[Event "East Lansing (Class C/3/15)"]
[Site "?"]
[Date "1995.??.??"]
[Round "?"]
[White "Rosebrook, G."]
[Black "Dalimonte, A."]
[Result "1-0"]
[WhiteElo "1605"]
[BlackElo "1605"]
[PlyCount "45"]
[EventDate "1995.??.??"]

{3/(15)} 1. e4 e5 2. Nf3 Nc6 3. Bc4 Bc5 4. c3 d6 5. d4 exd4 6. cxd4 Bb4+ 7. Nc3
Bg4 8. O-O Bxc3 9. bxc3 Qf6 10. Re1 O-O-O 11. Bg5 Bxf3 12. Bxf6 Bxd1 13. Bxg7
Nge7 14. Bxh8 Rxh8 15. Rexd1 f6 16. Rab1 Nxd4 17. cxd4 Nc6 18. Be6+ Kb8 19. Rb5
Nxd4 20. Rxd4 Re8 21. Bd5 Rxe4 22. Rxe4 h5 23. Re8# 1-0

[Event "Troy (TCC Res/2/21)"]
[Site "?"]
[Date "1995.??.??"]
[Round "?"]
[White "Rosebrook, G."]
[Black "Biondo, Anthony"]
[Result "1-0"]
[WhiteElo "1605"]
[BlackElo "1605"]
[PlyCount "97"]
[EventDate "1995.??.??"]

{2/(21)} 1. e4 e5 2. Nf3 Nc6 3. Bc4 h6 4. d3 Nf6 5. Nc3 Bc5 6. Be3 Bxe3 7. fxe3
O-O 8. d4 d6 9. h3 b6 10. a3 Bb7 11. Qd3 Ne7 12. O-O-O d5 13. exd5 Nexd5 14.
Nxe5 Nxc3 15. Qxc3 Bxg2 16. Rh2 Bb7 17. Rg1 Ne4 18. Qe1 Qd6 19. Qh4 Bd5 20.
Bxd5 Qxd5 21. Qxh6 g5 22. Rxg5+ Nxg5 23. Qxg5+ Kh7 24. Rg2 Qxg2 25. Qxg2 Rae8
26. h4 f6 27. Qg6+ Kh8 28. Nf7+ Rxf7 29. Qxf7 Rg8 30. Qxf6+ Rg7 31. h5 Kh7 32.
h6 Rg6 33. Qf8 Rxh6 34. Kd2 Rg6 35. Kd3 Rg8 36. Qf3 Rg7 37. e4 Kh6 38. d5 Kg5
39. e5 Kh4 40. e6 Rg3 41. Qxg3+ Kxg3 42. e7 Kf4 43. e8=Q a5 44. Kd4 Kf5 45.
Qe6+ Kg5 46. Ke4 Kh4 47. Kf4 Kh5 48. Qf6 c5 49. Qg5# 1-0

[Event "East Lansing (MEX/3/1)"]
[Site "?"]
[Date "1995.??.??"]
[Round "?"]
[White "Ronneberg, E."]
[Black "Tsemekhman, Vadim"]
[Result "1/2-1/2"]
[WhiteElo "2225"]
[BlackElo "2485"]
[PlyCount "89"]
[EventDate "1995.??.??"]

{3/(1)} 1. e4 e6 2. d4 d5 3. Nd2 Nf6 4. e5 Nfd7 5. Bd3 c5 6. c3 Nc6 7. Ne2 cxd4
8. cxd4 f6 9. exf6 Nxf6 10. O-O Bd6 11. Nf3 Qc7 12. Nc3 a6 13. a3 O-O 14. Be3
Bd7 15. Rc1 Be8 16. h3 Bh5 17. Be2 Bf4 18. Qd2 Bxe3 19. Qxe3 Bxf3 20. Bxf3 Rae8
21. Rfd1 Kh8 22. b4 Nd7 23. Na4 Nb6 24. Nc5 e5 25. dxe5 Nxe5 26. Ne6 Nxf3+ 27.
Qxf3 Qxc1 28. Qxf8+ Rxf8 29. Rxc1 Re8 30. Nf4 g5 31. Nd3 Re7 32. f4 Re3 33. Rd1
gxf4 34. Nxf4 Rxa3 35. Nxd5 Nxd5 36. Rxd5 b5 37. Rd7 Ra4 38. Ra7 h5 39. Kf2 h4
40. Kf3 Kg8 41. g4 Rxb4 42. Rxa6 Rb3+ 43. Kf4 Rxh3 44. Kg5 Rc3 45. Kxh4 1/2-1/2

[Event "East Lansing (MEX/1/5)"]
[Site "?"]
[Date "1995.??.??"]
[Round "?"]
[White "Ronneberg, E."]
[Black "Rajlich, Vasik"]
[Result "1-0"]
[WhiteElo "2225"]
[BlackElo "2125"]
[PlyCount "55"]
[EventDate "1995.??.??"]

{1/(5)} 1. e4 c5 2. Nf3 d6 3. d4 cxd4 4. Nxd4 Nf6 5. Nc3 a6 6. Bg5 e6 7. f4 Be7
8. Qf3 Qc7 9. O-O-O Nbd7 10. g4 b5 11. Bxf6 Nxf6 12. g5 Nd7 13. f5 Nc5 14. f6
gxf6 15. gxf6 Bf8 16. Rg1 b4 17. Nd5 Qa5 18. Rg7 Bb7 19. Rxf7 exd5 20. Rxb7
Nxb7 21. Qh5+ Kd8 22. Nc6+ Kc7 23. Nxa5 Nxa5 24. Kb1 Nb7 25. Qxd5 a5 26. e5
dxe5 27. Bg2 Rb8 28. Qc6# 1-0

[Event "Lansing (Mini-Swiss.1/3)"]
[Site "?"]
[Date "1995.??.??"]
[Round "?"]
[White "Ronneberg, E."]
[Black "Noren, Kevin"]
[Result "1/2-1/2"]
[WhiteElo "2215"]
[BlackElo "2280"]
[PlyCount "25"]
[EventDate "1995.??.??"]

{1/(3)} 1. e4 c5 2. Nf3 Nc6 3. d4 cxd4 4. Nxd4 g6 5. c4 Bg7 6. Be3 Nf6 7. Nc3
O-O 8. Be2 d6 9. O-O Bd7 10. Rc1 Nxd4 11. Bxd4 Bc6 12. Bf3 Nd7 13. Bxg7 1/2-1/2

[Event "East Lansing (MEX/4/1)"]
[Site "?"]
[Date "1995.??.??"]
[Round "?"]
[White "Ronneberg, E."]
[Black "Finegold, Ben"]
[Result "0-1"]
[WhiteElo "2225"]
[BlackElo "2590"]
[PlyCount "104"]
[EventDate "1995.??.??"]

{4/(1)} 1. e4 c5 2. Nf3 Nc6 3. d4 cxd4 4. Nxd4 Nf6 5. Nc3 d6 6. Bg5 e6 7. Qd2
Be7 8. O-O-O O-O 9. f4 Nxd4 10. Qxd4 Qa5 11. Bc4 Bd7 12. e5 dxe5 13. fxe5 Bc6
14. Bd2 Nd7 15. Nd5 Qc5 16. Nxe7+ Qxe7 17. Rhe1 Rfd8 18. Qg4 Nf8 19. Bf1 Qc5
20. Qb4 Qf2 21. Be3 Rxd1+ 22. Kxd1 Qf5 23. Qf4 Qxf4 24. Bxf4 Ng6 25. Bd2 Nh4
26. Re2 Bb5 27. Rf2 Bxf1 28. Rxf1 Rd8 29. Ke2 Rd5 30. c4 Rxe5+ 31. Kd3 Nxg2 32.
Rg1 Nh4 33. Bc3 Rh5 34. Rxg7+ Kf8 35. Rg4 Ng6 36. b4 Rxh2 37. a4 h5 38. Rg5 h4
39. Rc5 Rh3+ 40. Kc2 Rf3 41. Rc8+ Ke7 42. Rc7+ Kd8 43. Rxb7 h3 44. b5 h2 45. c5
Rxc3+ 46. Kxc3 h1=Q 47. c6 Qc1+ 48. Kb4 Ne5 49. Rb8+ Kc7 50. Rb7+ Kc8 51. Ka5
Qc3+ 52. Ka6 Nc4 0-1